Los maia (Record no. 179816)

MARC details
000 -LEADER
campo de control de longitud fija 00882nam a2200241 i 4500
001 - NÚMERO DE CONTROL
campo de control 179816
003 - IDENTIFICADOR DE NÚMERO DE CONTROL
campo de control ES-MaACL
005 - FECHA Y HORA DE LA ÚLTIMA TRANSACCIÓN
campo de control 20240518063045.0
008 - DATOS DE LONGITUD FIJA--INFORMACIÓN GENERAL
campo de control de longitud fija 120126s2008 sp c |||| | spa d
020 ## - NÚMERO INTERNACIONAL ESTÁNDAR DEL LIBRO
Número Internacional Estándar del Libro 84-8191-323-1
080 ## - NÚMERO DE LA CLASIFICACIÓN DECIMAL UNIVERSAL
Número de la Clasificación Decimal Universal 821.134.3-31"18"
100 1# - ENTRADA PRINCIPAL--NOMBRE DE PERSONA
Nombre de persona Queirós, Eça de,
Fechas asociadas al nombre 1845-1900
9 (RLIN) 94499
245 14 - MENCIÓN DEL TÍTULO
Título Los maia
Resto del título : episodios de la vida romántica /
Mención de responsabilidad, etc. J.M. Eça de Queirós ; traducción, prólogo y notas de Jorge Gimeno.
250 ## - MENCION DE EDICION
Mención de edición 1ª ed., 3ª reimp.
260 ## - PUBLICACIÓN, DISTRIBUCIÓN, ETC.
Lugar de publicación, distribución, etc. Valencia :
Nombre del editor, distribuidor, etc. Pre-Textos,
Fecha de publicación, distribución, etc. 2008.
300 ## - DESCRIPCIÓN FÍSICA
Extensión 829 p. :
Otras características físicas 1 retr. ;
Dimensiones 21 cm.
490 1# - MENCIÓN DE SERIE
Mención de serie Pre-textos ;
Designación de volumen o secuencia 460.
Mención de serie Narrativa clásicos ;
Designación de volumen o secuencia 9
700 1# - ENTRADA AGREGADA--NOMBRE PERSONAL
Nombre de persona Gimeno, Jorge.
9 (RLIN) 57080
830 0# - PUNTO DE ACCESO ADICIONAL DE SERIE-TÍTULO UNIFORME
Título uniforme Pre-textos ;
Designación de volumen o secuencia 460.
Título uniforme Narrativa clásicos ;
Designación de volumen o secuencia 9
9 (RLIN) 184237
852 ## - LOCALIZACIÓN
Ubicación ES-MaACL
Número de control de estantería A-11931
itemnumber 186716
Sublocalización o colección R.146913
Ubicación en estantería Depósito 1
Signatura antigua Olim: N-4936
942 ## - ELEMENTOS DE ENTRADA SECUNDARIOS (KOHA)
Fuente del sistema de clasificación o colocación Clasificación decimal universal
Tipo de ítem Koha Libro impreso
Holdings
Estatus retirado Estado de pérdida Fuente del sistema de clasificación o colocación Estado de daño No para préstamo Biblioteca de origen Biblioteca actual Ubicación en estantería Fecha de adquisición Fuente de adquisición Total de préstamos Signatura topográfica completa Código de barras Visto por última vez Precio de reemplazo Tipo de ítem Koha
    Clasificación decimal universal     Biblioteca del Ateneo de Madrid Biblioteca del Ateneo de Madrid Depósito 1 26/01/2012 Compra   A-11931 1188906 23/02/2023 23/02/2023 Libro impreso